| 000 | 02155nam0a2200421 4500 | ||
|---|---|---|---|
| 001 | RU\NLR\bibl\340435 | ||
| 005 | 20250621151230.0 | ||
| 010 |
_a5-88086-280-1 _9200 |
||
| 021 |
_aRU _b2002-39933 _91942 |
||
| 035 | _a(NLR Aleph) 000335305 | ||
| 090 |
_a182448 _c182448 |
||
| 100 | _a20021104d2002 |||y0rusy50 ca | ||
| 101 | 0 | _arus | |
| 102 | _aRU | ||
| 105 | _aa ||||||||| | ||
| 200 | 1 |
_aКомплексное собирание, систематика, экспериментальная текстология _eМатериалы 5 Междунар. шк. молодого фольклориста (6-8 июня 2001 г.) _f[Редкол.: В. М. Гацак (науч. ред.) и др.] |
|
| 210 |
_aАрхангельск _cПГУ _d2002 |
||
| 215 |
_a167 с. _cил. _d20 |
||
| 300 | _aВ надзаг.: М-во образования Рос. Федерации, Помор. гос. ун-т им. М. В. Ломоносова, Ин-т мировой лит. им. А. М. Горького Рос. акад. наук | ||
| 320 | _aБиблиогр. в конце докл. | ||
| 606 | 0 |
_aФольклор _jСборники _xСобирание материалов _91833407 _3RU\NLR\auth\66829233 |
|
| 606 | 0 |
_aФольклор _jСъезды, совещания и т.п. _xСобирание материалов _91833407 _3RU\NLR\auth\66829233 |
|
| 606 | 0 |
_aФольклор народов Российской Федерации _jСборники _92114240 _3RU\NLR\auth\661277419 |
|
| 606 | 0 |
_aФольклор народов Российской Федерации _jСъезды, совещания и т.п. _92114240 _3RU\NLR\auth\661277419 |
|
| 610 | 0 | _aФольклористика | |
| 675 |
_a398 _v3 _zrus |
||
| 686 |
_a17.71 _2rugasnti |
||
| 686 |
_a82.3(2Рос-Рус) _2rubbk |
||
| 686 | _aШ2с | ||
| 686 | _aШ3(2)я43 | ||
| 702 | 1 |
_aГацак _bВ. М. _gВиктор Михайлович _4340 |
|
| 801 | 0 |
_aRU _bRKP _c20021104 _gPSBO |
|
| 801 | 1 |
_aRU _bRKP _c20021104 |
|
| 801 | 2 |
_aRU _bNLR _c20030109 _grcr |
|
| 942 | _cBOOK | ||
| 980 | _aNB | ||
| 980 | _aNBR | ||